Statistics for Tiempos Del Cólera P230-240

Click here to take the quiz!

General Stats

  • This quiz has been taken 5 times
  • The average score is 22 of 75

Answer Stats

TermAnswer% Correct
AvenidaAvenue
100%
BulevarBoulevard
100%
CerezaCherry
100%
LibreríaBookstore
67%
Alta CosturaHaute Couture
67%
GéneroKind
67%
EmbarazoPregnancy
67%
PretenciosoPretentious
67%
RetocarRetouch
67%
SenadoSenate
67%
CosturaSewing
67%
SuscripciónSubscription
67%
ÁnforaAmphora
33%
AcuarioAquarius
33%
RamilleteBunch
33%
CronistaChronicler
33%
RacimoCluster
33%
CompatriotaCompatriot
33%
ConvenienciaConvenience
33%
MostradorCounter
33%
AgrietarCrack
33%
MorideroDeath Trap
33%
DecrépitoDecrepit
33%
FieltroFelt
33%
SolturaFluency
33%
RetozarFrolic
33%
InfructuosoFruitless
33%
GaleoteGalley Slave
33%
MonteHill
33%
ColibríHummingbird
33%
ImborrableIndelible
33%
IneluctableInevitable
33%
IntromisiónInterference
33%
JergaJargon
33%
AlumbrarLight Up
33%
LunáticoLunatic
33%
LuteranoLutheran
33%
LiraLyre
33%
DesconocerNot Know
33%
ArrebatoOutburst
33%
PerfumeríaPerfumery
33%
DesignioPlan
33%
RenombradoRenowned
33%
RepertorioRepertoire
33%
ErranteRoaming
33%
ManantialSpring
33%
MalbaratarSquander
33%
RetocarseTouch Up
33%
FloreroVase
33%
VestigioVestige
33%
RamazónAntler
0%
SideralAstral
0%
SaldoBalance
0%
CuartelBarracks
0%
CapellánChaplain
0%
EscuetoConcise
0%
TempleCourage
0%
RemateFinal Touch
0%
GacelaGazelle
0%
BragadoGritty
0%
MorriónHelmet
0%
PrócerHero
0%
AsustadizoJumpy
0%
AvaroMiserly
0%
SaldosSales
0%
AmedrentarScare
0%
PrimiciaScoop
0%
PartituraSheet Music
0%
CachazaSluggishness
0%
TinajeroStone Water Filter
0%
SubsistirSurvive
0%
BelfoThick Lipped
0%
IneludibleUnavoidable
0%
BullaUproar
0%
DoblegarVanquish
0%

Score Distribution

Percentile by Number Answered

Percent of People with Each Score

Your Score History

You have not taken this quiz